<?xml version="1.0" encoding="UTF-8"?>
<record
    xmlns:xsi="http://www.w3.org/2001/XMLSchema-instance"
    xsi:schemaLocation="http://www.loc.gov/MARC21/slim http://www.loc.gov/standards/marcxml/schema/MARC21slim.xsd"
    xmlns="http://www.loc.gov/MARC21/slim">

  <leader>00709nam a2200193Ia 4500</leader>
  <controlfield tag="008">151119s9999||||xx |||||||||||||| ||und||</controlfield>
  <datafield tag="082" ind1=" " ind2=" ">
    <subfield code="a">891.46308</subfield>
  </datafield>
  <datafield tag="082" ind1=" " ind2=" ">
    <subfield code="b">GKKV30350</subfield>
  </datafield>
  <datafield tag="100" ind1=" " ind2=" ">
    <subfield code="a">&#x935;&#x921;&#x928;&#x947;&#x930;&#x915;&#x930; &#x92A;&#x94D;&#x930;&#x940;&#x924;&#x940;</subfield>
  </datafield>
  <datafield tag="245" ind1=" " ind2=" ">
    <subfield code="a">&#x916;&#x91F;&#x94D;&#x92F;&#x93E;&#x933; &#x92C;&#x902;&#x921;&#x94D;&#x92F;&#x93E; &#x906;&#x923;&#x93F; &#x935;&#x93F;&#x935;&#x93F;&#x927; &#x917;&#x94B;&#x937;&#x94D;&#x91F;&#x940;</subfield>
  </datafield>
  <datafield tag="260" ind1=" " ind2=" ">
    <subfield code="a">--</subfield>
  </datafield>
  <datafield tag="260" ind1=" " ind2=" ">
    <subfield code="b">--</subfield>
  </datafield>
  <datafield tag="260" ind1=" " ind2=" ">
    <subfield code="c">0</subfield>
  </datafield>
  <datafield tag="600" ind1=" " ind2=" ">
    <subfield code="a">&#x935;&#x921;&#x928;&#x947;&#x930;&#x915;&#x930; &#x92A;&#x94D;&#x930;&#x940;&#x924;&#x940;</subfield>
  </datafield>
  <datafield tag="630" ind1=" " ind2=" ">
    <subfield code="a">&#x916;&#x91F;&#x94D;&#x92F;&#x93E;&#x933; &#x92C;&#x902;&#x921;&#x94D;&#x92F;&#x93E; &#x906;&#x923;&#x93F; &#x935;&#x93F;&#x935;&#x93F;&#x927; &#x917;&#x94B;&#x937;&#x94D;&#x91F;&#x940;</subfield>
  </datafield>
  <datafield tag="700" ind1=" " ind2=" ">
    <subfield code="a">&#x935;&#x921;&#x928;&#x947;&#x930;&#x915;&#x930; &#x92A;&#x94D;&#x930;&#x940;&#x924;&#x940;</subfield>
  </datafield>
  <datafield tag="730" ind1=" " ind2=" ">
    <subfield code="a">&#x916;&#x91F;&#x94D;&#x92F;&#x93E;&#x933; &#x92C;&#x902;&#x921;&#x94D;&#x92F;&#x93E; &#x906;&#x923;&#x93F; &#x935;&#x93F;&#x935;&#x93F;&#x927; &#x917;&#x94B;&#x937;&#x94D;&#x91F;&#x940;</subfield>
  </datafield>
  <datafield tag="942" ind1=" " ind2=" ">
    <subfield code="c">BOOK</subfield>
  </datafield>
  <datafield tag="999" ind1=" " ind2=" ">
    <subfield code="c">1082686</subfield>
    <subfield code="d">1082683</subfield>
  </datafield>
  <datafield tag="952" ind1=" " ind2=" ">
    <subfield code="0">0</subfield>
    <subfield code="1">0</subfield>
    <subfield code="4">0</subfield>
    <subfield code="7">0</subfield>
    <subfield code="a">GKKV</subfield>
    <subfield code="b">GKKV</subfield>
    <subfield code="d">2012-06-27</subfield>
    <subfield code="g">0.00</subfield>
    <subfield code="l">0</subfield>
    <subfield code="o">GKKV30350</subfield>
    <subfield code="p">GKKV30350</subfield>
    <subfield code="r">2015-11-19 00:00:00</subfield>
    <subfield code="v">0.00</subfield>
    <subfield code="w">2015-11-19</subfield>
    <subfield code="y">BOOK</subfield>
  </datafield>
</record>
